Oppression and exploitation of women workers in the tea plantations of Sri Lanka (Record no. 2580)
[ view plain ]
| 000 -LEADER | |
|---|---|
| fixed length control field | 005770000a22001690004500 |
| 008 - FIXED-LENGTH DATA ELEMENTS--GENERAL INFORMATION | |
| fixed length control field | 230817t ||||| |||| 00| 0 eng d |
| 041 ## - LANGUAGE | |
| Language code of text/sound track or separate title | English |
| 080 ## - UNIVERSAL DECIMAL CLASSIFICATION NUMBER | |
| Classification Number | 331.4 |
| Call Number | SAM |
| 942 ## - ADDED ENTRY ELEMENTS (KOHA) | |
| Item Type | Thesis |
| 100 ## - MAIN ENTRY--PERSONAL NAME | |
| Personal Author | Samarasuriya, Shireen |
| 245 ## - TITLE STATEMENT | |
| Title | Oppression and exploitation of women workers in the tea plantations of Sri Lanka |
| 260 ## - PUBLICATION, DISTRIBUTION, ETC. (IMPRINT) | |
| Place of Publication | The hague: |
| Name of Publisher | Institute of development studies, |
| Date of Copyright | 1981 |
| 300 ## - PHYSICAL DESCRIPTION | |
| Extent | 198 p. |
| Physical Details | Bibliography included |
| 502 ## - DISSERTATION NOTE | |
| Name of granting institution | Institute of Social studies, The Hague, Netherlands |
| 650 ## - SUBJECT ADDED ENTRY--TOPICAL TERM | |
| Topical Term | WOMEN WORKERS-Sri Lanka |
| 650 ## - SUBJECT ADDED ENTRY--TOPICAL TERM | |
| Topical Term | Tea plantations-Women-Sri Lanka |
| Withdrawn status | Lost status | Damaged status | Not for loan | Permanent location | Current location | Date acquired | Total Checkouts | Full call number | Barcode | Date last seen | Price effective from | Koha item type |
|---|---|---|---|---|---|---|---|---|---|---|---|---|
| Resource center, Muslim Women's Research And Action Forum | Resource center, Muslim Women's Research And Action Forum | 2023-08-17 | 331.4 SAM | RAF3657 | 2023-08-17 | 2023-08-17 | Thesis |

